000 00788nam a22002777a 4500
001 BR9101700
003 BR-BrBNA
005 20230928093549.0
007 ta
008 230509b bl.||||| |||| 00| 0 por d
040 _aBR-BrBNA
_bpor
_cBiblioteca Nacional de Agricultura
041 _a(Por)
072 _aF01; F30
_b0312
090 _ 0312 BR9101700
100 1 _aCampelo, A.M.F.L. (ed.)
110 1 _aCentro de Pesquisas do Cacau, Ilheus, BA (Brasil)
_91631
245 1 _aDiversificacao agropecuaria, Programa Regional de Pesquisa; palmaceas
260 3 _aIlheus, BA (Brasil):
_c1989.
300 _a44 p.
650 _aDENDE
650 _aPLANTIO
650 _aMELHORAMENTO GENETICO VEGETAL
650 _aPRODUCAO
909 _a202309
_bLucia
_c55
_dLucia Elande
942 _cBK
999 _c45720
_d45720